000 01719na a2200337 4500
999 _c7388
_d7388
001 21368
003 MIRAKIL
005 20210212162058.0
008 170301b tu 000 0
040 _aMilas
_btur
_cTR-AnCHP
041 _atur
082 _aCHP 324.2172
_bC36p 2007
090 _aBROŞÜR 298
110 _aCumhuriyet Halk Partisi (CHP)
245 _aPusula '07 [kitapçık]
_cCumhuriyet Halk Partisi
246 _aPusula 2007
246 _aCHP pusula 2007
260 _aAnkara
_bCHP
_c2007
300 _a80 s.
_c21 sm.
440 _aCumhuriyet Halk Partisi yayınları
_pEl kitapları
500 _aDış kapakta adı: Pusula '07 : şimdi değişim zamanı... şimdi CHP zamanı
505 _aTerör, güvenlik, huzur - laiklik - Dış politika - İnsan hakları - Yargı - Temiz siyaset, dürüst yönetim -- Ekonomi (sosyal piyasa ekonomisi, büyüme-üretim ekonomisi, vergi) Sanayileşme, bilişim, esnaf - Tarım - Enerji - İşsizlik - çalışma yaşamı - Sosyal güvenlik - Sağlık ve engelliler - Eğitim e kültür - Gençlik e kadın - Bölgesel kalkınma - Kamu yönetimi ve kentleşme kamu yönetimi, İstanbul, kentleşme, konut edindirme, deprem) - Ulaştıra -- Çevre e turizm - Dünya ve CHP (yurtdışındaki Türkler, Sosyal demokrat partiler)
610 _aCumhuriyet Halk Partisi (CHP)
_xSiyaset felsefesi
610 _aCumhuriyet Halk Partisi (CHP)
_xPropaganda ve ideolojiler
_ySeçim kampanyaları, 2007
650 _aGenel seçimler, 2007
_zTürkiye
830 _aCHP yayınları
942 _cBKS
999 _d7388